000 00301nam a22001337a 4500
008 181221b xxu||||| |||| 00| 0 eng d
020 _a9780631213505
041 _aeng
080 _a316
100 _a50
101 _aSOC
245 _aContemporary Sociological Theory
_cCraig.C
942 _2udc
_cBK
999 _c53629
_d53629